• 首页
  • 本馆介绍
  • 公告通知
  • 最新文献
  • 馆藏检索
  • 电子资源
  • 读者导购
  • 参考咨询
  • 我的图书馆
  • 登录
  • 详细信息显示
  • 放入我的书架
  • 预约/预借图书
  • 作者相关作品
  • 分类相关作品
  • 丛书相关作品
  • 出版社相关作品

书目信息

  • 表格格式
  • 工作单格式
  • 卡片格式
题名:
足球基本技术图解
    
 
作者: 关金明 , 曹镜鉴 绘
分册:  
出版信息: 北京   人民体育出版社  1983
页数: 70页
开本: 25cm
丛书名:
单 册:
中图分类: G843.1
科图分类:
主题词: 足球运动-运动技术--图解 , 运动技术-足球运动--图解
电子资源:
ISBN:
000 00750nam0 2200265 45
001 0183011161
005 20040505143932.9
010    @dCNY0.62
091    @a7015.2084
100    @a19950623d1983 em y0chiy0121 ea
101 0  @achi
102    @aCN@b110000
105    @aa z 000yy
106    @ar
200 10 @a足球基本技术图解@Azu qiu ji ben ji shu tu jie@f关金明,曹镜鉴绘
210    @a北京@c人民体育出版社@d1983
215    @a70页@d25cm
606    @a足球运动-运动技术@x图解
606    @a运动技术-足球运动@x图解
690    @aG843.1@v3
701  0 @a关金明@Aguan jin ming@4绘
701  0 @a曹镜鉴@Acao jing jian@4绘
801  0 @aCN@b上海图书馆@c20040505
801  2 @aCN@bNLC@c20040505
905    @f1@b87322@f1@b158811@f1@b158813@dG843.1@e13
    
    足球基本技术图解/关金明,曹镜鉴绘.-北京:人民体育出版社,1983
    70页;25cm
    
    
    ISBN :CNY0.62
    
●
相关链接 在E读中查询图书 在五车中查询图书 在当当中查询图书 在豆瓣中查询图书


正题名:足球基本技术图解     索取号:G843.1/13         预约/预借

序号 登录号 条形码 馆藏地/架位号 状态 备注
1 0087322   000993893   密集书库/ [索取号:G843.1/13] 在馆    
2 0087323   000993946   第一样本阅览室/ [索取号:G843.1/13] 在馆    
3 0158811   000993900   密集书库/ [索取号:G843.1/13] 在馆    
4 0158813   000993919   密集书库/ [索取号:G843.1/13] 在馆    
5 0158814   000993955   密集书库/ [索取号:G843.1/13] 在馆    
唐山师范学院图书馆 欢迎您!
大连网信软件有限公司© 版权所有